Olympia-Medaillengewinner im Feldhockey - Statistiken

Allgemein
  • Dieses Quiz wurde 126 mal gespielt
    45 seit der letzten Aktualisierung
  • Das Durchschnittsergebnis liegt bei 66 aus 75
Antwortstatistiken
Jahr Medaille Land % Korrekt
1920 Bronze Belgien
100%
2016 Silber Belgien
100%
2020 Gold Belgien
100%
1928 Bronze Deutschland
100%
1936 Silber Deutschland
100%
1956 Bronze Deutschland
100%
1972 Gold Deutschland
100%
1984 Silber Deutschland
100%
1988 Silber Deutschland
100%
1992 Gold Deutschland
100%
2004 Bronze Deutschland
100%
2008 Gold Deutschland
100%
2012 Gold Deutschland
100%
2016 Bronze Deutschland
100%
2024 Silber Deutschland
100%
1928 Silber Niederlande
100%
1936 Bronze Niederlande
100%
1948 Bronze Niederlande
100%
1952 Silber Niederlande
100%
1988 Bronze Niederlande
100%
1996 Gold Niederlande
100%
2000 Gold Niederlande
100%
2004 Silber Niederlande
100%
2012 Silber Niederlande
100%
2024 Gold Niederlande
100%
1960 Bronze Spanien
97%
1980 Silber Spanien
97%
1996 Silber Spanien
97%
2008 Silber Spanien
97%
1928 Gold Indien
95%
1932 Gold Indien
95%
1936 Gold Indien
95%
1948 Gold Indien
95%
1952 Gold Indien
95%
1956 Gold Indien
95%
1960 Silber Indien
95%
1964 Gold Indien
95%
1968 Bronze Indien
95%
1972 Bronze Indien
95%
1980 Gold Indien
95%
2020 Bronze Indien
95%
2024 Bronze Indien
95%
2016 Gold Argentinien
92%
1964 Bronze Australien
85%
1968 Silber Australien
85%
1976 Silber Australien
85%
1992 Silber Australien
85%
1996 Bronze Australien
85%
2000 Bronze Australien
85%
2004 Gold Australien
85%
2008 Bronze Australien
85%
2012 Bronze Australien
85%
2020 Silber Australien
85%
1908 Gold England
85%
1956 Silber Pakistan
85%
1960 Gold Pakistan
85%
1964 Silber Pakistan
85%
1968 Gold Pakistan
85%
1972 Silber Pakistan
85%
1976 Bronze Pakistan
85%
1984 Gold Pakistan
85%
1992 Bronze Pakistan
85%
1932 Bronze USA
79%
1980 Bronze Sowjetunion
72%
1932 Silber Japan
69%
1908 Bronze Schottland/Wales
67%
1976 Gold Neuseeland
64%
1920 Gold Großbritannien
62%
1948 Silber Großbritannien
62%
1952 Bronze Großbritannien
62%
1984 Bronze Großbritannien
62%
1988 Gold Großbritannien
62%
2000 Silber Südkorea
56%
1920 Silber Dänemark
51%
1908 Silber Irland
46%
Keine übereinstimmenden Quizze gefunden
Verteilung der Resultate
Anzahl Personen mit jedem Resultat
Perzentil nach korrekt beantworteten Fragen
Ihre Resultats-Entwicklung
Sie haben dieses Quiz seit der letzten Aktualisierung nicht gespielt